| Поле | Название | Значение |
| |
Тип записи |
i |
| |
Библиографический уровень |
m |
| 001 |
Контрольный номер |
RU/IS/BASE/369917941 |
| 005 |
Дата корректировки |
20201206204815.1 |
| 010 |
Индекс ISBN |
__ |
| d |
Цена |
284-38 |
| 101 |
Язык документа |
__ |
| a |
Язык текста |
rus |
| 200 |
Заглавие и сведения об ответственности |
1_ |
| a |
Заглавие |
Дядя Ваня |
| e |
Сведения, относящиеся к заглавию |
радиоспектакль МХАТ им. М. Горького |
| f |
Первые сведения об ответственности |
Антон Чехов ; [в ролях: Анатолий Кторов и др.] |
| b |
Общее обозначение материала |
Звукозапись |
| 210 |
Выходные данные |
__ |
| a |
Место издания |
М. |
| c |
Издательство |
АРДИС |
| d |
Дата издания |
2010 |
| 215 |
Физическое описание |
__ |
| a |
Объем |
1 электрон. опт. диск (Audio CD) (2 ч. 24 мин.) |
| 225 |
Серия |
__ |
| a |
Серия |
Театр у микрофона |
| 300 |
Общие примечания |
__ |
| a |
Общие примечания |
mp3 ; 128 kbps ; 16 bit ; 44.1 kHz ; stereo |
| 323 |
Примечание о главных создателях, исполнителях, участниках |
__ |
| a |
Примечание о главных создателях, исполнителях, участниках |
Кторов, А. (Серебряков Александр Владимирович, отставной профессор) |
| a |
Примечание о главных создателях, исполнителях, участниках |
Тарасова, А. (Елена Андреевна) |
| a |
Примечание о главных создателях, исполнителях, участниках |
Хромова, Е. (Софья Александровна, дочь от первого брака) |
| a |
Примечание о главных создателях, исполнителях, участниках |
Литовцева, Н. (Войницкая Мария Васильевна, мать первой жены профессора) |
| a |
Примечание о главных создателях, исполнителях, участниках |
Добронравов, Б. (Войницкий Иван Петрович, сын) |
| a |
Примечание о главных создателях, исполнителях, участниках |
Ливанов, Б. (Астров Михаил Львович, врач) |
| a |
Примечание о главных создателях, исполнителях, участниках |
Яншин, М. (Телегин Илья Ильич, обедневший помещик) |
| a |
Примечание о главных создателях, исполнителях, участниках |
Соколовская, Н. (Марина, старая няня) |
| a |
Примечание о главных создателях, исполнителях, участниках |
Степанов, В. (Работник) |
| a |
Примечание о главных создателях, исполнителях, участниках |
Дорменко, А. (пояснительный текст) |
| 330 |
Аннотация |
__ |
| a |
Аннотация |
Радиоспектакль по пьесе "Дядя Ваня" - это неподражаемый чеховский лиризм, мягкий юмор, атмосфера тоски и надежды, тревожное предчувствие грядущего... Это удивительные чеховские герои - смешные и нежные, ранимые и насмешливые, слабые в своих поисках и стойкие в заблуждениях… Этот особый мир чеховской драматургии, полный страстей, шепота и крика |
| 606 |
Тематические рубрики |
__ |
| a |
Основная рубрика |
Художественная литература |
| 606 |
Тематические рубрики |
__ |
| a |
Основная рубрика |
Русская литература XIX в. (произведения) |
| 610 |
Ключевые слова |
__ |
| a |
Ключевые слова |
классическая литература; русская классическая литература; тема человека; тема общества; тема жизни; тема нравственности; пьесы; драматические произведения; радиоспектакли |
| 686 |
Индексы других классификаций |
__ |
| a |
Классификационный индекс |
85.38я04 |
| 700 |
Автор |
_1 |
| a |
Фамилия |
Чехов |
| b |
Имя |
А. П. |
| g |
Полное личное имя |
Антон Павлович |
| 4 |
Код отношения |
070 |
| 801 |
Источник записи |
_0 |
| a |
Страна |
RU |
| b |
Организация |
Муниципальное бюджетное учреждение культуры "Централизованная библиотечная система" г. Сургут (Центральная городская библиотека им. А. С. Пушкина) |
| g |
Правила каталогизации |
КиК/Поспелова |
| 801 |
Источник записи |
_1 |
| a |
Страна |
RU |
| b |
Организация |
Муниципальное бюджетное учреждение культуры "Централизованная библиотечная система" г. Сургут (Центральная городская библиотека им. А. С. Пушкина) |
| g |
Правила каталогизации |
КиК/Поспелова |
| 852 |
Данные о местонахождении |
__ |
| j |
Шифр хранения |
85.38я04 |
| i |
Авторский знак |
Ч-56 |
| 901 |
Тип документа |
__ |
| t |
Тип документа |
0 |
| 903 |
Характеристики (МАРС) |
__ |
| a |
Дата передачи |
20110921 |
| 969 |
Тип издания |
__ |
| a |
Тип издания |
аудиоспектакль |
| 990 |
Данные о заказе (DOS) |
__ |
| j |
Количество экземпляров (DOS) |
1 |
| h |
N записи в КСУ для Б/У (DOS) |
201110 |